Brazilian Groups of Five Quiz - Statistics

General Stats
  • This quiz has been taken 472 times
  • The average score is 33 of 60
Answer Stats
Group Answer % Correct
Colors in the flag Green
98%
Colors in the flag Blue
96%
Colors in the flag White
96%
Colors in the flag Yellow
96%
Biggest Metro Areas Rio de Janeiro
94%
Biggest Metro Areas São Paulo
93%
2020's biggest trading partners United States
91%
2020's biggest trading partners Argentina
87%
Colors in the flag Black
86%
2020's biggest trading partners China
85%
Biggest Metro Areas Brasília
82%
Football Teams with most national titles São Paulo FC
81%
FIFA World Cup Titles (years) 2002
77%
FIFA World Cup Titles (years) 1994
75%
Players who have won FIFA World Player of the year Ronaldo
75%
FIFA World Cup Titles (years) 1958
73%
FIFA World Cup Titles (years) 1962
73%
FIFA World Cup Titles (years) 1970
73%
Last presidents Jair Bolsonaro
72%
Biggest Metro Areas Belo Horizonte
70%
Most known tourist attractions Christ the Redeemer
70%
Most Valuable Football Players in 2021 Neymar Jr.
69%
Regions of Brazil South
65%
2020's biggest exports Crude Petroleum
64%
Last presidents Luiz Inácio "Lula" da Silva
64%
Players who have won FIFA World Player of the year Ronaldinho
64%
Regions of Brazil North
62%
Most known tourist attractions Amazon Rainforest
61%
Main sources of asylum seekers Venezuela
61%
Biggest Metro Areas Porto Alegre
58%
2020's biggest trading partners Germany
56%
2020's biggest exports Sugar
54%
Players who have won FIFA World Player of the year Kaká
53%
Football Teams with most national titles Santos
51%
Last presidents Dilma Rousseff
48%
Football Teams with most national titles Flamengo
45%
Most known tourist attractions Copacabana Beach
41%
Regions of Brazil Northeast
41%
Football Teams with most national titles Corinthians
40%
Players who have won FIFA World Player of the year Rivaldo
40%
Regions of Brazil Southeast
40%
Main sources of asylum seekers Syria
39%
2020's biggest exports Beef
38%
Football Teams with most national titles Palmeiras
37%
Main sources of asylum seekers Haiti
34%
Players who have won FIFA World Player of the year Romário
33%
Last presidents Michel Temer
30%
2020's biggest exports Soybean
30%
Main sources of asylum seekers Cuba
29%
Most known tourist attractions Sugarloaf Mountain
29%
Most known tourist attractions Iguaçu Falls
28%
Most Valuable Football Players in 2021 Gabriel Jesus
27%
Most Valuable Football Players in 2021 Alisson
26%
Last presidents Fernando Henrique Cardoso
23%
Most Valuable Football Players in 2021 Casemiro
22%
Regions of Brazil Central-West
21%
2020's biggest exports Iron Ore
20%
Most Valuable Football Players in 2021 Marquinhos
18%
2020's biggest trading partners Netherlands
14%
Main sources of asylum seekers Senegal
5%
No matching quizzes found
Score Distribution
Percent of People with Each Score
Percentile by Number Answered
Your Score History
You have not taken this quiz